Trading stamps. (Record no. 3229)

000 -LEADER
fixed length control field 00377cam a22001091 4500
008 - FIXED-LENGTH DATA ELEMENTS--GENERAL INFORMATION
fixed length control field 750425s1956 inua s000 0 eng
100 1# - MAIN ENTRY--AUTHOR'S NAME
Author's Name Vredenburg, Harvey L.,
Dates associated with a name 1921-2001.
245 10 - TITLE STATEMENT
Title Trading stamps.
260 ## - PUBLICATION, DISTRIBUTION, ETC. (IMPRINT)
Place of publication, distribution, etc. [Bloomington]
Name of publisher, distributor, etc. Bureau of Business Research, School of Business, Indiana University
Date of publication, distribution, etc. [1956]
490 1# - SERIES STATEMENT
Series statement Indiana business report,
Volume/sequential designation no. 21
650 #0 - TOPICAL TERM (Tag)
Topical term or geographic name Trading-stamps.
Holdings
Withdrawn status Lost status Source of classification or shelving scheme Damaged status Koha normalized classification for sorting Not for loan Permanent Location Current Location Shelving location Date acquired Total Checkouts Full call number Barcode Date last seen Price effective from Koha item type
        G3200 A11 V979   Northern Philatelic Library Northern Philatelic Library General Stacks 12/13/2021   G3200 A11 V979 1005674 12/13/2021 12/13/2021 Books

Powered by Koha